[Event "Daventry 4NCL Easter op-C 2nd"]
[Site "Daventry"]
[Date "2022.04.17"]
[Round "5"]
[White "Wall, Robert"]
[Black "Dias, Yan A"]
[Result "1-0"]
[WhiteElo "1673"]
[BlackElo "1525"]
[PlyCount "101"]
[EventDate "2022.04.15"]
[EventType "swiss"]
[EventRounds "7"]
[EventCountry "ENG"]
[SourceTitle "CBM 207 Extra"]
[Source "ChessBase"]
[SourceDate "2022.05.31"]
[SourceVersion "1"]
[SourceVersionDate "2022.05.31"]
[SourceQuality "1"]

1. d4 g6 2. Bf4 Bg7 3. Nf3 d6 4. Qd2 Nd7 5. e4 c5 6. c3 Qb6 7. dxc5 Nxc5 8. Be3 Nxe4 9. Bxb6 Nxd2 10. Nbxd2 axb6 11. Bc4 Nh6 12. 0-0 0-0 13. Rfe1 e6 14. h3 d5 15. Bb5 Nf5 16. Nb3 Nd6 17. Bd3 Nc4 18. Re2 Re8 19. a3 Bd7 20. Nfd4 e5 21. Bxc4 exd4 22. Rxe8+ Rxe8 23. Bxd5 dxc3 24. bxc3 Bc6 25. Bxc6 bxc6 26. Nd4 c5 27. Nb5 Re2 28. Rc1 Bh6 29. Rd1 Bf4 30. g3 Rb2 31. c4 Rd2 32. Rxd2 Bxd2 33. Kf1 f5 34. Ke2 Ba5 35. f3 Kf7 36. Ke3 g5 37. g4 Kf6 38. Nd6 fxg4 39. hxg4 Ke6 40. Ne4 h6 41. Ng3 Kf6 42. Ke4 Be1 43. Nf5 Kg6 44. Ne7+ Kf6 45. Nd5+ Kg6 46. Nxb6 h5 47. gxh5+ Kxh5 48. Nd7 Bb4 49. axb4 cxb4 50. Nc5 Kh4 51. Nb3 1-0

[Event "Daventry 4NCL Easter op-C 2nd"]
[Site "Daventry"]
[Date "2022.04.16"]
[Round "3"]
[White "Dias, Yan A"]
[Black "Bullock, Lee"]
[Result "1-0"]
[WhiteElo "1525"]
[BlackElo "1579"]
[PlyCount "91"]
[EventDate "2022.04.15"]
[EventType "swiss"]
[EventRounds "7"]
[EventCountry "ENG"]
[SourceTitle "CBM 207 Extra"]
[Source "ChessBase"]
[SourceDate "2022.05.31"]
[SourceVersion "1"]
[SourceVersionDate "2022.05.31"]
[SourceQuality "1"]

1. e4 c5 2. a3 Nc6 3. b4 d6 4. b5 Ne5 5. f4 Bg4 6. Be2 Bxe2 7. Qxe2 Nd7 8. Nf3 e5 9. d3 Ngf6 10. Nc3 Be7 11. 0-0 h6 12. Nd5 Nxd5 13. exd5 Qc7 14. c4 0-0-0 15. fxe5 dxe5 16. Bb2 Bf6 17. a4 Rde8 18. Rfe1 g5 19. Nd2 Bg7 20. Rf1 Rhf8 21. Rf5 f6 22. Ne4 Rf7 23. a5 Kb8 24. Bc3 Nf8 25. b6 Qd7 26. g4 Rc8 27. Qe3 Ng6 28. Nxc5 Rxc5 29. bxa7+ Ka8 30. Qxc5 Ne7 31. Bb4 Nxf5 32. gxf5 Bf8 33. d6 Qxf5 34. Qb6 Qg4+ 35. Kf2 Rd7 36. a6 Qf4+ 37. Ke2 Qxh2+ 38. Kd1 Qh1+ 39. Kc2 Qxa1 40. axb7+ Rxb7 41. Qd8+ Kxa7 42. Bc5+ Rb6 43. Qxb6+ Ka8 44. Qd8+ Kb7 45. Qc7+ Ka8 46. Qc8# 1-0